000
00349nam a2200145 a 4500
005
20140412111328.0
008
110120s19uu xx 00 eng d
020
_a
971-91249-2-x
050
_a
M 428
_b
D98 1993
100
_a
Dy, Joy
245
_a
I Like folkienese /
_c
Joy Dy.
260
_a
Philippines,
_c
1993.
300
_a
50p.
999
_c
104791
_d
104791